DESIGN WITH OPERATIONAL AMPLIFIERS AND ANALOG INTEGRATED CIRCUITS (Record no. 14129)
[ view plain ]
| 000 -LEADER | |
|---|---|
| fixed length control field | 00375nam a22001577a 4500 |
| 003 - CONTROL NUMBER IDENTIFIER | |
| control field | SGT |
| 020 ## - INTERNATIONAL STANDARD BOOK NUMBER | |
| International Standard Book Number | 978-93-5260-194-3 |
| 082 ## - DEWEY DECIMAL CLASSIFICATION NUMBER | |
| Classification number | 621.3815 |
| Item number | FRA |
| 100 ## - MAIN ENTRY--PERSONAL NAME | |
| Personal name | FRANCO,SERGIO |
| 245 ## - TITLE STATEMENT | |
| Title | DESIGN WITH OPERATIONAL AMPLIFIERS AND ANALOG INTEGRATED CIRCUITS |
| 250 ## - EDITION STATEMENT | |
| Edition statement | 4TH |
| 260 ## - PUBLICATION, DISTRIBUTION, ETC. (IMPRINT) | |
| Place of publication, distribution, etc | CHENNAI |
| Name of publisher, distributor, etc | MC.GRAW HILL |
| Year of Publication | 2016 |
| 300 ## - PAGE DESCRIPTION | |
| No. of Pages | 715 |
| 650 ## - SUBJECT ADDED ENTRY--TOPICAL TERM | |
| Topical term or geographic name as entry element | ECE |
| 942 ## - ADDED ENTRY ELEMENTS (KOHA) | |
| Source of classification or shelving scheme | Dewey Decimal Classification |
| Koha item type | Books |
| Withdrawn status | Lost status | Source of classification or shelving scheme | Damaged status | Not for loan | Collection code | Home library | Current library | Shelving location | Date acquired | Vendor Name | Cost, normal purchase price | SGTU | Bill Number | Total Checkouts | Full call number | Accession No. (Barcode) | Date last seen | Bill Date | Koha item type |
|---|---|---|---|---|---|---|---|---|---|---|---|---|---|---|---|---|---|---|---|
| Dewey Decimal Classification | ENGINEERING | SGT Engineering Library | SGT Engineering Library | Text Book | 22/12/2017 | KIRTI PRAKASHAN (NEW DELHI ) | 715.00 | SGTU | IN1297 | 621.3815 FRA | FE6801 | 22/12/2017 | Books | ||||||
| Dewey Decimal Classification | ENGINEERING | SGT Engineering Library | SGT Engineering Library | Text Book | 22/12/2017 | KIRTI PRAKASHAN (NEW DELHI ) | 715.00 | SGTU | IN1297 | 621.3815 FRA | FE6802 | 22/12/2017 | Books | ||||||
| Dewey Decimal Classification | ENGINEERING | SGT Engineering Library | SGT Engineering Library | Text Book | 22/12/2017 | KIRTI PRAKASHAN (NEW DELHI ) | 715.00 | SGTU | IN1297 | 621.3815 FRA | FE6803 | 22/12/2017 | Books | ||||||
| Dewey Decimal Classification | ENGINEERING | SGT Engineering Library | SGT Engineering Library | Text Book | 22/12/2017 | KIRTI PRAKASHAN (NEW DELHI ) | 715.00 | SGTU | IN1297 | 621.3815 FRA | FE6804 | 22/12/2017 | Books | ||||||
| Dewey Decimal Classification | ENGINEERING | SGT Engineering Library | SGT Engineering Library | Text Book | 22/12/2017 | KIRTI PRAKASHAN (NEW DELHI ) | 715.00 | SGTU | IN1297 | 621.3815 FRA | FE6805 | 22/12/2017 | Books |